Metodický postup pre účtovné zobrazenie pohľadávok vybraných účtovných jednotiek bakalárska práca

Uložené v:
Podrobná bibliografia
Hlavný autor: Csomorová, Barbara
Korporativný autor: Fakulta hospodárskej informatiky EU. Katedra účtovníctva a audítorstva
Ďalší autori: Užík, Ján, 1969-
Médium: Kniha
Jazyk:Slovak
Vydavateľské údaje: Bratislava 2025
Tagy: Pridať tag
Žiadne tagy, Buďte prvý, kto otaguje tento záznam!

MARC

LEADER 00000nbm a2200000 4500
001 0310430
005 20251204104233.3
041 0 |a slo 
044 |a SK 
245 1 0 |a Metodický postup pre účtovné zobrazenie pohľadávok vybraných účtovných jednotiek  |b bakalárska práca  |c Barbara Csomorová ; školiteľ: Ján Užík 
264 1 |a Bratislava  |c 2025 
300 |a 75 s. 
100 1 |a Csomorová, Barbara 
700 1 |a Užík, Ján, 1969- 
710 2 |a Fakulta hospodárskej informatiky EU. Katedra účtovníctva a audítorstva